History Quiz

Random History or DC Comics Quiz
Score 0/9 Timer 02:00
2 Plays Today
% Correct
Elizabeth I
98.1%
Einstein
98%
Cleopatra
98%
Galileo
97.8%
Washington
97.7%
Kublai
96.8%
Churchill
96.6%
Napoleon
95.1%
Roosevelt
94.5%
Remove Ads.
Support Sporcle.
Get the best of Sporcle when you Go Orange. This ad-free experience offers more features, more stats, and more fun while also helping to support Sporcle. Thank you for becoming a member.

You're not logged in!

Compare scores with friends on all Sporcle quizzes.
OR
Log In

Show Comments

Extras

Top Quizzes Today


Score Distribution

Your Account Isn't Verified!

In order to create a playlist on Sporcle, you need to verify the email address you used during registration. Go to your Sporcle Settings to finish the process.

Report this User

Report this user for behavior that violates our Community Guidelines.

Details: